| 000 | 01291cad a22002055a 4500 | ||
|---|---|---|---|
| 001 | L157058 | ||
| 008 | 120824s2012 xxk 000 0 eng d | ||
| 035 | _a(Sirsi) u157058 | ||
| 041 | 0 | _aeng | |
| 110 | 2 |
_aKPMG International _95143 |
|
| 245 | 0 | 0 |
_aSoftware as a service market growing rapidly _h[electronic resource] |
| 260 | _c2012 | ||
| 490 | 0 |
_aKPMG International Issues Monitor _v(10) July 2012, 1-11(11) |
|
| 520 | _aThe global cloud computing market - networks of virtual servers that allow individuals and businesses to access information from any internet-connected device - is experiencing robust growth, driven primarily by companies' need to reduce costs and their need for easy access to technology which cloud computing can provide. Focuses on the "Software as a Service (SaaS)" model which has experienced the most rapid growth in the industry. SaaS, also referred to as on-demand software, provides applications through the internet, eliminating the need to install, run or maintain programs in internal systems. | ||
| 590 | _aNTK KA | ||
| 651 | 4 | _aInternational | |
| 690 | _aBusiness and management | ||
| 856 | 4 | 0 |
_uhttps://www.kpmg.com/Global/en/IssuesAndInsights/ArticlesPublications/Documents/technology-july-2012.pdf _zView the article at www.kpmg.com |
| 942 | _n0 | ||
| 999 |
_c84251 _d84251 |
||